| 000 | 00603nam a22001817a 4500 | ||
|---|---|---|---|
| 005 | 20251108172220.0 | ||
| 008 | 250721s2002 xx 000 0 ara d | ||
| 082 | 1 | 4 | _a928.11/كرد |
| 100 | 1 |
_aالكردي، رضوان بن الشيخ محمد سعيد ايزولي _eمؤلف |
|
| 245 | 1 | 0 | _aالشاغوري : شاعر التصوف في القرن العشرين / |
| 264 | 1 |
_aعمان : _bدار الفتح للدراسات والنشر، _c2002. |
|
| 300 | _a366ص. | ||
| 650 | 1 | 7 | _aالتراجم |
| 650 | 1 | 7 | _aالشعراء |
| 650 | 1 | 7 | _aالتصوف |
| 942 |
_2ddc _cBK |
||
| 999 |
_c73334 _d73334 |
||